| 000 | 01010nam a2200229Ia 4500 | ||
|---|---|---|---|
| 001 | L248-15774 | ||
| 003 | IT-CnALBA | ||
| 008 | 170116s9999||||xx |||||||||||||| ||und|| | ||
| 040 |
_aIT-CnALBA _cIT-CnALBA |
||
| 041 | _aITALIANO | ||
| 100 | _aPICCININI G. F. | ||
| 245 | 0 | _aPAESI E CIELI. CIOTTOLI E STELLE. ITINERARI DELLO SPIRITO. | |
| 250 | _a1a ed. | ||
| 260 |
_aCINISELLO BALSAMO (MI) _bEDIZIONI PAOLINE _c1953 [1° Ed.:1953 - Ed.Ling.Originale: 1953] |
||
| 300 | _a126 p. (prefazione: 7) | ||
| 500 | _aRACCONTINI MISSIONARI. DAL POLO ALLE FORESTE EQUATORIALI. CAMPANE DI NAGASAKI. MINIERE DI RE SALOMONE. DOPPIONE. CONFRONTA DOCUMENTO 11923. | ||
| 501 | _aSocietà San Paolo EM - Piazza San Paolo, 14 - 12051 ALBA (CN) (non commercial uses only) ® Copyright 2017 | ||
| 520 | _aRACCONTINI MISSIONARI. DAL POLO ALLE FORESTE EQUATORIALI. CAMPANE DI NAGASAKI. MINIERE DI RE SALOMONE. DOPPIONE. CONFRONTA DOCUMENTO 11923. | ||
| 650 | _aASCETICA E MISTICA | ||
| 942 | _cBK | ||
| 957 | _71 | ||
| 999 |
_a20524 _bNO _g Copie: 1 _c274943 _d274943 |
||